00427 2200169 4500001002100000005001500021008004100036020001700077035001900094041000700113082001200120090001800132100002200150245002200172260003200194300003100226INLIS00000000000073420241224112225241224||||||||| | ||| |||| || |  a979-017-47-5 0010-1224000734 aid0 a297.542 a297.542 SHO d0 aM. Shodiq Mustika00aDoa & Zikir Cinta aJakartabQultum Mediac2008 axvi + 208 hlm,; 14 x 20 cm